000 00347nam a2200157Ia 4500
003 OSt
008 191201s2012 xx 000 0 und d
082 _a658.848 ONI
100 _aONKVISIT, Sak
245 0 _aInternational Marketing
250 _aRep
260 _aNew Delhi
_bRoutledge
_c2012
300 _a710
650 _aBBA
942 _2ddc
_cBK
999 _c5547
_d5547